Vedecko-technický pokrok a ekonomika

Enregistré dans:
Détails bibliographiques
Format: Livre
Langue:slovaque
Publié: Bratislava Práca 1986
Édition:1. vyd.
Tags: Ajouter un tag
Pas de tags, Soyez le premier à ajouter un tag!

MARC

LEADER 00000nam a2200000 4500
001 c022459
005 20240802104736.1
041 0 |a slo 
044 |a SK 
245 1 0 |a Vedecko-technický pokrok a ekonomika  |c [Z ruš. prel.] Peter Galan 
250 |a 1. vyd. 
264 1 |a Bratislava  |b Práca  |c 1986 
300 |a 145 s.